Izmerenije sil rezanija i krutjaščich momentov pri zubofrezerovanii /
Saved in:
| Main Author: | |
|---|---|
| Format: | Book |
| Language: | Russian |
| Published: |
Leningrad :
Izd. Leningradskogo Universiteta,
1966
|
| Tags: |
No Tags, Be the first to tag this record!
|
MARC
| LEADER | 00000nam a22000003a 4500 | ||
|---|---|---|---|
| 001 | stu36635 | ||
| 005 | 20150617225727.3 | ||
| 008 | 920616s1966----xxr-----------------rus-d | ||
| 040 | |a STU |b slo | ||
| 041 | 0 | |a rus | |
| 044 | |a xxr | ||
| 100 | 1 | |a Gulida, E.N |4 aut | |
| 245 | 1 | |a Izmerenije sil rezanija i krutjaščich momentov pri zubofrezerovanii / |c [aut.]E.N. Gulida | |
| 260 | |a Leningrad : |b Izd. Leningradskogo Universiteta, |c 1966 | ||
| 300 | |a 133 s | ||
| 996 | |b 284M016197 |c M*3988-1 |l MMKN |s A |a 24 |w stu36635_0001 | ||